00412 2200169 4500001002100000005001500021008004100036035001900077041000700096082000800103090001400111100002100125245003900146260002000185300002600205650001100231INLIS00000000000270020241224112603241224||||||||| | ||| |||| || |  0010-1224002700 aen0 a819 a819 BUD k0 aEriyandi Budiman00aKumpulan Carpon : Hileud Katumbiri bGaza Publishing av;71 hlm;14.5 x 21 cm 0aSastra